| 000 | 03223nam0a2200445 4500 | ||
|---|---|---|---|
| 001 | RU\NLR\BIBL_A\022666956 | ||
| 005 | 20260122131449.0 | ||
| 010 |
_a978-5-907866-79-9 _972 |
||
| 021 |
_aRU _bКН-П-25-059440 _9КН-П-25-5722 |
||
| 021 |
_aRU _bКН-П-25-059440 _9КН-П-25-6346 |
||
| 035 | _a(NLR Aleph) 022666956 | ||
| 090 |
_a13536008 _c13536008 |
||
| 100 | _a20251117d2025 u y0rusy50 ca | ||
| 101 | 0 | _arus | |
| 102 | _aRU | ||
| 105 | _aa j 010yy | ||
| 181 | 0 |
_ai _baxxe |
|
| 182 | 0 | _an | |
| 200 | 1 |
_aОрганизация деятельности подразделения по исполнению административного законодательства _eучебное пособие _fИ. И. Литвин, Ю. А. Макарова, кандидаты юридических наук, Д. А. Кошелев, С. А. Федотов _gФедеральное государственное казенное образовательное учреждение высшего образования "Уральский юридический институт Министерства внутренних дел Российской Федерации", Кафедра административного права и административной деятельности органов внутренних дел |
|
| 203 |
_aТекст _bвизуальный _cнепосредственный |
||
| 210 |
_aЕкатеринбург _cУральский юридический институт МВД России _d2025 |
||
| 215 |
_a129 с. _cтабл. _d20 |
||
| 300 | _aАвт. указаны на обороте тит. с. | ||
| 300 | _aНа обл.: Победа! 80 | ||
| 320 | _aБиблиогр.: с. 126–129 и в подстроч. примеч. | ||
| 606 | 1 |
_aОрганы внутренних дел _jУчебные издания _xАдминистративная юрисдикция _yРоссийская Федерация _92077889 _3RU\NLR\AUTH\661253646 |
|
| 606 | 1 |
_aНормы административного права _jУчебные издания _xПрименение органами внутренних дел _yРоссийская Федерация _92438296 _3RU\NLR\AUTH\661450750 |
|
| 686 | 1 | _aХ621.011-93я7 | |
| 686 | 1 | _aХ621.163.1я7 | |
| 686 | 1 | _aХ621.033.2я7 | |
| 701 | 1 |
_aЛитвин _bИ. И. _gИлья Ильич |
|
| 701 | 1 |
_7ca _8rus _aМакарова _bЮ. А. _cканд. юрид. наук _f1988- _gЮлия Альтафовна _92653341 _3RU\NLR\AUTH\770281374 |
|
| 701 | 1 |
_aКошелев _bД. А. _gДмитрий Александрович |
|
| 701 | 1 |
_7ca _8rus _aФедотов _bС. А. _cюрист, административное право _gСергей Александрович _92653128 _3RU\NLR\AUTH\770281161 |
|
| 712 | 0 | 2 |
_4570 _aУральский юридический институт _bКафедра административного права и административной деятельности ОВД _cЕкатеринбург _9781215 _3RU\NLR\AUTH\8810143308 |
| 942 | _cBOOK | ||
| 980 | _aNB | ||